[Event "Tournoi Skype 016B"]
[Site "Skype"]
[Date "????.??.??"]
[Round "6.3"]
[White "Hargez, Dany"]
[Black "De Nobrega, George"]
[Result "0-1"]
[WhiteElo "1361"]
[BlackElo "1399"]
[PlyCount "78"]

1. e4 e5 2. Nf3 Nf6 3. d4 exd4 4. Qxd4 Nc6 5. Qd1 a6 6. Bc4 h6 7. O-O Bc5 8. e5
Nh7 9. Nc3 O-O 10. Bf4 d6 11. h3 dxe5 12. Nxe5 Nxe5 13. Bxe5 c6 14. Bd3 Qg5 15.
Bxh7+ Kxh7 16. Bg3 Bf5 17. Re1 Rad8 18. Qe2 Bd6 19. Rad1 Bxg3 20. fxg3 Rxd1 21.
Nxd1 Qxg3 22. Qf2 Qxf2+ 23. Kxf2 Bxc2 24. Nc3 Rd8 25. Re7 b5 26. Re2 Bd1 27.
Nxd1 Rxd1 28. b4 Rb1 29. a3 Rb3 30. Re3 Rxe3 31. Kxe3 Kg6 32. Kd4 Kf6 33. Kc5
Ke6 34. Kxc6 f5 35. Kb6 Kd6 36. Kxa6 Kc6 37. a4 bxa4 38. b5+ Kc7 39. b6+ Kb8
0-1

[Event "Tournoi Skype 016B"]
[Site "Skype"]
[Date "????.??.??"]
[Round "6.4"]
[White "Rivas, Jonathan"]
[Black "Picard, Mario"]
[Result "1/2-1/2"]
[WhiteElo "1379"]
[BlackElo "1254"]
[PlyCount "38"]

1. e4 e5 2. Nf3 Nc6 3. d4 exd4 4. Nxd4 Nxd4 5. Qxd4 Nf6 6. Bd3 Be7 7. e5 c5 8.
Qc4 Ng8 9. Qg4 Bf8 10. Bg5 Qa5+ 11. Nc3 d6 12. Bb5+ Qxb5 13. Nxb5 Bxg4 14. exd6
Rd8 15. Bxd8 Kxd8 16. O-O a6 17. f3 Bd7 18. Nc3 Bxd6 19. Rad1 Bc7 1/2-1/2

[Event "Tournoi Skype 016B"]
[Site "Skype"]
[Date "????.??.??"]
[Round "6.5"]
[White "Le Brun, Yves"]
[Black "Perrone, Gabriel Lorenzo"]
[Result "1-0"]
[WhiteElo "1449"]
[BlackElo "1404"]
[PlyCount "75"]

1. d4 Nf6 2. Nf3 g6 3. c4 Bg7 4. Nc3 O-O 5. e3 d6 6. Be2 a6 7. Qc2 Nc6 8. a3 e5
9. dxe5 dxe5 10. O-O Bg4 11. Rd1 Qe7 12. h3 Bxf3 13. Bxf3 Rfd8 14. Rb1 Rxd1+
15. Bxd1 e4 16. b4 Qe6 17. Be2 Ne7 18. Bb2 Rd8 19. Nd1 c6 20. c5 Ned5 21. Bc4
Qd7 22. Bd4 Qc7 23. Qb2 Qe7 24. Nc3 Qf8 25. g4 Nxc3 26. Qxc3 Nd5 27. Qb2 h6 28.
Rd1 b6 29. Qc2 f5 30. cxb6 Bxd4 31. Rxd4 Kh7 32. b7 Rb8 33. Bxa6 Nc7 34. Rd7+
Kh8 35. Rxc7 Kg8 36. Qxc6 Rd8 37. Qxg6+ Kh8 38. Qh7# 1-0

[Event "Tournoi Skype 016B"]
[Site "Skype"]
[Date "????.??.??"]
[Round "6.6"]
[White "Porcabeuf, Jean-Marc"]
[Black "Bustos, Ricardo"]
[Result "1-0"]
[WhiteElo "1438"]
[BlackElo "1197"]
[PlyCount "39"]

1. d4 e6 2. a3 f5 3. c4 Nf6 4. Nc3 d6 5. Nf3 h6 6. e3 Be7 7. Bd3 O-O 8. O-O Qe8
9. Re1 Nbd7 10. e4 Nxe4 11. Nxe4 fxe4 12. Bxe4 Nf6 13. Bc2 Qh5 14. Qd3 Re8 15.
Bf4 Bd7 16. Re3 g5 17. Nxg5 hxg5 18. Rh3 Qg4 19. Qg6+ Kf8 20. Rh8+ 1-0

[Event "Tournoi Skype 016B"]
[Site "Skype"]
[Date "????.??.??"]
[Round "6.7"]
[White "Hague, Mark"]
[Black "Lequeux, Pierre"]
[Result "1-0"]
[WhiteElo "1419"]
[BlackElo "1226"]
[PlyCount "67"]

1. d4 d5 2. c4 c6 3. Nc3 Nf6 4. Nf3 h6 5. e3 Bg4 6. h3 Bh5 7. cxd5 cxd5 8. Be2
Bxf3 9. Bxf3 e6 10. a3 Bd6 11. b4 e5 12. dxe5 Bxe5 13. Bb2 O-O 14. Qb3 d4 15.
Na4 b5 16. Bxa8 bxa4 17. Qd1 Nd5 18. Bxd5 Qxd5 19. O-O Bf6 20. Bxd4 Bxd4 21.
Qxd4 Qxd4 22. exd4 Nd7 23. Rfe1 Rc8 24. Rac1 Rb8 25. d5 f6 26. f4 g5 27. fxg5
hxg5 28. Rc7 Rd8 29. d6 Ne5 30. d7 Nxd7 31. Rd1 Kf7 32. Rdxd7+ Ke8 33. Rxd8+
Kxd8 34. Rxa7 1-0

[Event "Tournoi Skype 016B"]
[Site "Skype"]
[Date "????.??.??"]
[Round "6.8"]
[White "Ramirez Reina, Orlando"]
[Black "Cengiz, Cem"]
[Result "0-1"]
[WhiteElo "1493"]
[BlackElo "1306"]
[PlyCount "42"]

1. e4 e5 2. Nf3 Nc6 3. Bc4 Nd4 4. O-O Bc5 5. c3 Nxf3+ 6. Qxf3 Nf6 7. d3 O-O 8.
Be3 Bb6 9. Bxb6 axb6 10. d4 d6 11. dxe5 dxe5 12. Rd1 Qe7 13. Na3 Bg4 14. Qd3
Rfd8 15. Qxd8+ Rxd8 16. Rxd8+ Qxd8 17. Re1 Qd2 18. f3 Qxe1+ 19. Bf1 Qe3+ 20.
Kh1 Qf2 21. Nb5 Qxf1# 0-1

[Event "Tournoi Skype 016B"]
[Site "Skype"]
[Date "????.??.??"]
[Round "6.9"]
[White "Gieschen, Mike"]
[Black "Briere, Jean"]
[Result "1/2-1/2"]
[WhiteElo "1338"]
[BlackElo "1460"]
[PlyCount "112"]

1. d4 d5 2. Nf3 Bf5 3. Bf4 Nf6 4. e3 Nc6 5. c4 Nb4 6. Nc3 Nc2+ 7. Kd2 Nxa1 8.
Qxa1 c6 9. c5 e6 10. Bd3 Bxd3 11. Kxd3 Be7 12. Qb1 Nh5 13. g3 Nxf4+ 14. gxf4
Bh4 15. Qg1 Bf6 16. h4 Qc7 17. Ng5 O-O-O 18. b4 h6 19. Nf3 a6 20. a4 Rhg8 21.
a5 Qe7 22. h5 g5 23. hxg6 Rxg6 24. Qh2 Rh8 25. Rg1 Rxg1 26. Qxg1 Qf8 27. Qh1
Qg7 28. Qh3 Qg6+ 29. Kd2 h5 30. Ne2 Qg4 31. Qxg4 hxg4 32. Nfg1 Bh4 33. Ke1 Rg8
34. Kf1 g3 35. Nf3 g2+ 36. Kg1 Be7 37. Ng3 f5 38. Kxg2 Rh8 39. Kg1 Bh4 40. Nxh4
Rxh4 41. Kg2 Kd7 42. Kg1 Rg4 43. Kg2 Ke7 44. Kg1 Kf6 45. Kg2 Rg7 46. Kg1 Rd7
47. Kg2 Rd8 48. Kg1 b6 49. cxb6 Ke7 50. Kg2 Kd6 51. Kg1 c5 52. bxc5+ Ke7 53.
Kg2 Rb8 54. Kg1 Kd7 55. Ne2 Kc6 56. Nc3 Rg8+ 1/2-1/2

[Event "Tournoi Skype 016B"]
[Site "Skype"]
[Date "????.??.??"]
[Round "6.10"]
[White "Karia, Kirti"]
[Black "Talbot, Jacques"]
[Result "0-1"]
[WhiteElo "1332"]
[BlackElo "1444"]
[PlyCount "92"]

1. e4 e5 2. Bc4 Nf6 3. d3 Nc6 4. a3 d6 5. Nf3 Be7 6. Ng5 O-O 7. O-O h6 8. Nf3
Bg4 9. h3 Bh5 10. g4 Bg6 11. g5 Nh5 12. gxh6 Nf4 13. hxg7 Kxg7 14. h4 Bxh4 15.
Bxf4 exf4 16. Nc3 Rh8 17. Nd5 Bh5 18. Nxf4 Bxf3 19. Qxf3 Qg5+ 20. Qg2 Rh7 21.
Nd5 Rah8 22. Qxg5+ Bxg5 23. Nxc7 Nd4 24. f4 Rh1+ 25. Kf2 R8h2+ 26. Ke3 Nxc2+
27. Kf3 Nxa1 28. Rxh1 Rxh1 29. fxg5 Nc2 30. Nb5 Rf1+ 31. Ke2 Rg1 32. Bb3 Rxg5
33. Bxc2 Rxb5 34. b3 Rc5 35. Kd2 Kf6 36. d4 Rh5 37. Kc3 d5 38. e5+ Ke6 39. Bd1
Rg5 40. a4 a5 41. Kd2 f6 42. exf6 Kxf6 43. Ke3 Ke6 44. Kf4 Rg1 45. Bc2 Rc1 46.
Bf5+ Kd6 0-1

[Event "Tournoi Skype 016B"]
[Site "Skype"]
[Date "????.??.??"]
[Round "6.11"]
[White "Vervoort, Jean-Louis"]
[Black "Torres, Vicky"]
[Result "1-0"]
[WhiteElo "1293"]
[BlackElo "1399"]
[PlyCount "53"]

1. d4 Nf6 2. c4 e6 3. Nc3 d5 4. Bg5 Be7 5. Nf3 O-O 6. e3 Nbd7 7. Bd3 c5 8. cxd5
exd5 9. O-O c4 10. Bxf6 Nxf6 11. Bc2 Qc7 12. Rc1 Bg4 13. b3 Bb4 14. Bb1 cxb3
15. Qxb3 Qa5 16. Rc2 Rac8 17. Rfc1 Bf5 18. e4 Bxe4 19. Nxe4 dxe4 20. Rxc8 Ba3
21. R1c7 Ne8 22. Rxb7 exf3 23. Kf1 Bd6 24. Rxe8 Qh5 25. Rxf7 Rxe8 26. Rf5+ Qf7
27. Qxf7+ 1-0

[Event "Tournoi Skype 016B"]
[Site "Skype"]
[Date "????.??.??"]
[Round "6.12"]
[White "Sepulveda, Lyda Marcela"]
[Black "Kayali, Furkan"]
[Result "1-0"]
[WhiteElo "1246"]
[BlackElo "1377"]
[PlyCount "48"]

1. e4 e5 2. Nf3 Nc6 3. Bc4 Nf6 4. d3 Bc5 5. c3 d5 6. exd5 Nxd5 7. O-O Nb6 8.
Bb3 Bg4 9. Nbd2 f5 10. Re1 Qe7 11. Nc4 e4 12. Bg5 Bxf3 13. Qxf3 Qxg5 14. dxe4
Nxc4 15. Bxc4 O-O-O 16. exf5 Rhe8 17. Be6+ Kb8 18. b4 Bd6 19. a4 a6 20. b5 axb5
21. axb5 Bxh2+ 22. Kxh2 Qh6+ 23. Kg1 g6 24. bxc6 gxf5 1-0

[Event "Tournoi Skype 016B"]
[Site "Skype"]
[Date "????.??.??"]
[Round "6.13"]
[White "Amato, Ludovica"]
[Black "Gerbaux, Regis"]
[Result "0-1"]
[WhiteElo "1188"]
[BlackElo "1363"]
[PlyCount "36"]

1. e4 c5 2. Nf3 d6 3. d4 cxd4 4. Nxd4 e5 5. Bb5+ Bd7 6. Bxd7+ Nxd7 7. Nf5 g6 8.
Nxd6+ Bxd6 9. Qxd6 Rc8 10. Nc3 Rc6 11. Qd5 Ne7 12. Qd1 O-O 13. O-O f5 14. exf5
Nxf5 15. Re1 Rd6 16. Qg4 Qh4 17. Qf3 Nd4 18. Qd3 Qxf2+ 0-1

[Event "Tournoi Skype 016B"]
[Site "Skype"]
[Date "????.??.??"]
[Round "6.14"]
[White "Lemoine, Gerard"]
[Black "Milanese, Serge"]
[Result "0-1"]
[WhiteElo "1178"]
[BlackElo "1342"]
[PlyCount "48"]

1. d4 d5 2. c4 e6 3. Nf3 Nf6 4. Bg5 Be7 5. e3 c6 6. Bd3 Nbd7 7. Nc3 O-O 8. O-O
b6 9. a3 Ba6 10. cxd5 Bxd3 11. Qxd3 cxd5 12. Rfe1 a6 13. e4 dxe4 14. Nxe4 Nxe4
15. Bxe7 Qxe7 16. Qxe4 g6 17. Qe3 Qd6 18. Rad1 Rfe8 19. Ne5 Nf6 20. h3 Rac8 21.
Qd3 Nd5 22. Nc4 Qc6 23. Ne5 Nf4 24. Qxa6 Qxg2# 0-1

[Event "Tournoi Skype 016B"]
[Site "Skype"]
[Date "????.??.??"]
[Round "6.15"]
[White "Martin, Jean-Claude"]
[Black "Farfallini, Michel"]
[Result "1-0"]
[WhiteElo "1307"]
[BlackElo "1278"]
[PlyCount "59"]

1. d4 d5 2. c4 e6 3. Nc3 Nf6 4. Bg5 Be7 5. e3 c6 6. Nf3 O-O 7. Bd3 Nbd7 8. O-O
Qc7 9. cxd5 exd5 10. Rc1 a6 11. Qc2 Re8 12. e4 Nxe4 13. Bxe7 Rxe7 14. Nxe4 dxe4
15. Bxe4 Nf6 16. Rfe1 Nxe4 17. Rxe4 Bf5 18. Rxe7 Qxe7 19. Qxf5 Qb4 20. Qc2 Re8
21. a3 Qb5 22. h4 h6 23. Re1 Rc8 24. Re5 Qb6 25. b4 Qc7 26. Qe4 Qd8 27. d5 Qd7
28. dxc6 Qxc6 29. Qxc6 bxc6 30. Nd4 1-0

[Event "Tournoi Skype 016B"]
[Site "Skype"]
[Date "????.??.??"]
[Round "6.16"]
[White "Rajpurohit, Dinesh"]
[Black "Baker, Abi"]
[Result "1-0"]
[WhiteElo "1544"]
[BlackElo "1170"]
[PlyCount "83"]

1. e4 e6 2. d4 d5 3. exd5 Nf6 4. dxe6 Bxe6 5. Nf3 Bd6 6. a3 O-O 7. Nc3 a6 8.
Bd3 Re8 9. O-O Ng4 10. h3 Bh2+ 11. Nxh2 Nxh2 12. Kxh2 Qd6+ 13. Kg1 f5 14. Re1
Nc6 15. Rxe6 Rxe6 16. Bc4 Nxd4 17. Bxe6+ Nxe6 18. Qxd6 cxd6 19. Nd5 Re8 20. Bd2
Nd4 21. c3 Nb3 22. Re1 Re5 23. Rxe5 dxe5 24. Be3 Kf7 25. f4 e4 26. Kf2 b5 27.
Nc7 h6 28. Nxa6 g5 29. fxg5 hxg5 30. Bxg5 Kg6 31. Bf4 Kf6 32. Ke3 Ke6 33. Nc7+
Kd7 34. Nxb5 Kc6 35. Nd4+ Nxd4 36. Kxd4 Kb5 37. h4 Ka4 38. h5 Kb3 39. h6 Kxb2
40. h7 Kxa3 41. h8=Q Kb3 42. Qc8 1-0

[Event "Tournoi Skype 016B"]
[Site "Skype"]
[Date "????.??.??"]
[Round "6.17"]
[White "Lecluyse, Koenraad"]
[Black "Cossalter, Maurizio"]
[Result "0-1"]
[WhiteElo "1299"]
[BlackElo "1503"]
[PlyCount "52"]

1. d4 d5 2. Nf3 Nf6 3. e3 c6 4. Bd3 e6 5. O-O Nbd7 6. Nbd2 Be7 7. c3 O-O 8. Qc2
h6 9. e4 dxe4 10. Nxe4 Nxe4 11. Bxe4 Nf6 12. Ne5 Nxe4 13. Qxe4 Qd5 14. Qe2 Bd6
15. Ng4 Kh7 16. Qd3+ f5 17. Ne3 Qe4 18. Qc4 Qh4 19. g3 Qh3 20. Qxe6 Bxe6 21. f4
Rf6 22. Nc4 Bxc4 23. Rf3 Bd5 24. Rf2 Rg6 25. Bd2 Rxg3+ 26. hxg3 Qh1# 0-1

[Event "Tournoi Skype 016B"]
[Site "Skype"]
[Date "????.??.??"]
[Round "6.19"]
[White "Tamditi, Ibrahim"]
[Black "Bhandari, Dattatrey"]
[Result "0-1"]
[WhiteElo "1296"]
[BlackElo "1399"]
[PlyCount "42"]

1. e4 e6 2. Nf3 d5 3. exd5 exd5 4. d4 Bg4 5. Be2 a6 6. Ne5 Be6 7. O-O h6 8. Re1
Qd6 9. Bf4 Qb6 10. b3 Nc6 11. Nxc6 Qxc6 12. Bg4 O-O-O 13. Bxe6+ fxe6 14. Re3 g5
15. Bxc7 Bb4 16. Bxd8 Kxd8 17. c3 Bd6 18. Qf3 Bf4 19. Re2 h5 20. g3 Bc7 21.
Qf6+ Nxf6 0-1

[Event "Tournoi Skype 016B"]
[Site "Skype"]
[Date "????.??.??"]
[Round "6.20"]
[White "Khatanhar, Mohit"]
[Black "Bouffard, Georges"]
[Result "1-0"]
[WhiteElo "1265"]
[BlackElo "1399"]
[PlyCount "121"]

1. e4 e5 2. Nf3 Nc6 3. Bb5 a6 4. Bxc6 dxc6 5. Nxe5 Be6 6. d3 Bd6 7. Nf3 Bg4 8.
Be3 Qe7 9. Bd4 f6 10. Nbd2 Qd7 11. h3 Be6 12. Qe2 Bc5 13. Bxc5 b6 14. Be3 c5
15. O-O Ne7 16. Nh2 g6 17. f4 O-O-O 18. Rad1 Nc6 19. c4 f5 20. exf5 Bxf5 21.
Qf3 Be6 22. Ne4 Qf7 23. Ng5 Qe7 24. Nxe6 Qxe6 25. Ng4 h5 26. Ne5 Kb7 27. a3 Rd6
28. b4 Qf5 29. Nxc6 Rxc6 30. b5 axb5 31. cxb5 Qf6 32. bxc6+ Ka6 33. Rc1 Qf5 34.
Qe2 Rd8 35. d4+ Ka7 36. dxc5 Rb8 37. cxb6+ cxb6 38. Rc3 Qa5 39. Bd4 Ka8 40. a4
b5 41. axb5 Rc8 42. Ra1 Qxa1+ 43. Kh2 Qb1 44. Ra3+ Kb8 45. Be5+ Rc7 46. Bxc7+
Kxc7 47. Qe7+ Kb6 48. Qb7+ Kc5 49. c7 Qf1 50. c8=Q+ Kd4 51. Qbd7+ Ke4 52. Qce8+
Kxf4 53. Rf3+ Qxf3 54. Qef7+ Kg5 55. Qxf3 h4 56. Qfg4+ Kf6 57. Qxh4+ g5 58. Qe1
Kg6 59. Qee6+ Kh5 60. g4+ Kh4 61. Qh7# 1-0

[Event "Tournoi Skype 016B"]
[Site "Skype"]
[Date "????.??.??"]
[Round "6.21"]
[White "Douichi, Mohammed"]
[Black "Morin, Claude"]
[Result "1-0"]
[WhiteElo "1176"]
[BlackElo "1399"]
[PlyCount "77"]

1. e4 e5 2. d4 d6 3. d5 Nf6 4. Nc3 Be7 5. Be2 O-O 6. Nf3 Bg4 7. h3 Bxf3 8. Bxf3
Nbd7 9. b4 a6 10. Ne2 h6 11. Ng3 Nh7 12. Nf5 Bg5 13. h4 Bxc1 14. Rxc1 Nb6 15.
c3 Nc4 16. Be2 Nb2 17. Qb3 Nc4 18. Qxc4 b5 19. Qd3 g6 20. Nxh6+ Kg7 21. Qe3 Rc8
22. Nf5+ gxf5 23. Qg3+ Kh8 24. exf5 c6 25. Bg4 cxd5 26. Qf3 e4 27. Qf4 Rc4 28.
f6 d4 29. Be2 d3 30. Bxd3 exd3 31. Qg5 Nxg5 32. hxg5+ Kg8 33. Kd2 Rf4 34. f3
Rf5 35. Rh5 Re5 36. f4 Re2+ 37. Kxd3 Rxg2 38. Rch1 Re8 39. Rh8# 1-0

[Event "Tournoi Skype 016B"]
[Site "Skype"]
[Date "????.??.??"]
[Round "6.22"]
[White "Sahrane, Juba"]
[Black "Farthouat, Catherine"]
[Result "1-0"]
[WhiteElo "1399"]
[BlackElo "1071"]
[PlyCount "51"]

1. e4 e5 2. Nf3 Nf6 3. d4 d6 4. dxe5 Nxe4 5. c3 Bg4 6. Qa4+ Nc6 7. Qxe4 Bh5 8.
Bb5 d5 9. Bxc6+ bxc6 10. Qe3 Bxf3 11. Qxf3 Be7 12. O-O O-O 13. Nd2 Rb8 14. b4
a6 15. Nb3 Rb5 16. Nd4 Rb6 17. Qg3 h6 18. Bxh6 Bg5 19. Bxg5 Qd7 20. Bh6 g6 21.
Bxf8 Kxf8 22. e6 Qe7 23. Rfe1 Kg8 24. Nf5 Qe8 25. exf7+ Kxf7 26. Rxe8 1-0

[Event "Tournoi Skype 016B"]
[Site "Skype"]
[Date "????.??.??"]
[Round "6.23"]
[White "Moumtaz, Abderrahim"]
[Black "Talbot, Jean"]
[Result "1-0"]
[WhiteElo "1018"]
[BlackElo "1041"]
[PlyCount "55"]

1. e4 e5 2. Nf3 Nc6 3. d4 exd4 4. Nxd4 Bc5 5. Be3 Nf6 6. Nc3 O-O 7. Be2 Re8 8.
O-O Nxe4 9. Nxe4 Rxe4 10. Bd3 Re8 11. Bc4 d6 12. Qd2 d5 13. Nxc6 bxc6 14. Rad1
Bxe3 15. fxe3 Bg4 16. Be2 Bxe2 17. Qxe2 Qf6 18. Rxf6 gxf6 19. Qg4+ Kh8 20. Qh5
Kg8 21. b3 Rad8 22. Qh4 Rd6 23. c4 Re4 24. Qh3 dxc4 25. Rxd6 cxd6 26. Qg3+ Kh8
27. Qxd6 c3 28. Qf8# 1-0

[Event "Tournoi Skype 016B"]
[Site "Skype"]
[Date "????.??.??"]
[Round "6.24"]
[White "Paquay, Renaud"]
[Black "Melin, Christiane"]
[Result "1-0"]
[WhiteElo "1241"]
[BlackElo "1144"]
[PlyCount "31"]

1. c4 c5 2. Nf3 Nf6 3. d3 b6 4. e4 e5 5. Bg5 Bd6 6. Nc3 O-O 7. Nd5 Ng4 8. Bxd8
Rxd8 9. Nc3 Be7 10. Nb5 Bb7 11. Nc7 d6 12. Nxa8 Bxa8 13. Be2 a5 14. O-O Rd7 15.
Nd2 Bg5 16. Bxg4 1-0

[Event "Tournoi Skype 016B"]
[Site "Skype"]
[Date "????.??.??"]
[Round "6.25"]
[White "Kruk, Clementine"]
[Black "Blaevoet, Rebecca"]
[Result "1-0"]
[WhiteElo "1107"]
[BlackElo "1273"]
[PlyCount "53"]

1. e4 e5 2. Nf3 Nc6 3. Bc4 h6 4. d3 Nf6 5. Nc3 Bb4 6. Bd2 O-O 7. Nd5 Bxd2+ 8.
Qxd2 b6 9. d4 Nxd4 10. Nxd4 Nxd5 11. Bxd5 exd4 12. Qxd4 Bb7 13. Bxb7 Rb8 14.
Bd5 Qe7 15. O-O-O Qg5+ 16. Kb1 c5 17. Qa4 Qxg2 18. Rdg1 Qxf2 19. Qxd7 Rbc8 20.
Qd6 c4 21. Qg6 Qd4 22. Qxh6 c3 23. e5 Qxe5 24. Rg5 Qxg5 25. Qxg5 Rc5 26. Rg1
Rfc8 27. Qxg7# 1-0

[Event "Tournoi Skype 016B"]
[Site "Skype"]
[Date "????.??.??"]
[Round "6.26"]
[White "Letourneau, Judith"]
[Black "Alverson, Ginny"]
[Result "0-1"]
[WhiteElo "1000"]
[BlackElo "1170"]
[PlyCount "56"]

1. e4 c5 2. Nf3 Nc6 3. Bb5 a6 4. Bc4 e6 5. e5 d5 6. b3 dxc4 7. bxc4 Be7 8. O-O
Bd7 9. Bb2 Bg5 10. h4 Bf4 11. Re1 Nxe5 12. Nxe5 Bxe5 13. Rxe5 Qxh4 14. d3 Nf6
15. Rf5 exf5 16. Bxf6 Qxf6 17. Nc3 Qxc3 18. Rb1 O-O 19. Qh5 Bc6 20. Qg5 Rae8
21. Rxb7 Bxb7 22. a4 Qe1+ 23. Kh2 Qxf2 24. Kh1 Re1+ 25. Kh2 Qg1+ 26. Kh3 Qh1+
27. Kg3 Qxg2+ 28. Kh4 Qh2# 0-1

[Event "Tournoi Skype 016B"]
[Site "Skype"]
[Date "????.??.??"]
[Round "6.27"]
[White "Martin, Elise"]
[Black "Rival, Jocelyn"]
[Result "1-0"]
[WhiteElo "1114"]
[BlackElo "1040"]
[PlyCount "79"]

1. e4 e5 2. d3 d6 3. Nf3 Nc6 4. Nc3 Bg4 5. Be2 Qf6 6. Be3 Be7 7. Nd5 Qe6 8.
Nxc7+ Kd7 9. Nxe6 fxe6 10. c4 Bxf3 11. Bxf3 Nf6 12. Qb3 Rab8 13. Bxa7 Nxa7 14.
O-O d5 15. Qa4+ Nc6 16. exd5 exd5 17. Qd1 e4 18. Be2 Nd4 19. Bg4+ Nxg4 20.
Qxg4+ Ke8 21. Qxg7 Rf8 22. Qxh7 Nc2 23. Rac1 Bg5 24. Rxc2 exd3 25. Qh5+ Rf7 26.
Re1+ Be7 27. Rc3 d2 28. Rd1 Bb4 29. Re3+ Kf8 30. Qh6+ Kg8 31. Qg6+ Kf8 32. Rg3
Ke7 33. Qg5+ Kd7 34. Qxd5+ Bd6 35. Qxf7+ Kc6 36. Rxd2 Bxg3 37. hxg3 Ra8 38.
Qf6+ Kc7 39. Qf4+ Kc6 40. Qd6# 1-0

[Event "Tournoi Skype 016B"]
[Site "Skype"]
[Date "????.??.??"]
[Round "6.28"]
[White "Gagnon, Sindy"]
[Black "Richmond, Aaron"]
[Result "1-0"]
[WhiteElo "1000"]
[BlackElo "1399"]
[PlyCount "37"]

1. e4 e5 2. Nf3 Nc6 3. Nc3 Bd6 4. Bc4 Nh6 5. d3 b5 6. Nxb5 Bc5 7. Bg5 f6 8. Bd2
Rf8 9. Nh4 d6 10. Qh5+ g6 11. Nxg6 Qd7 12. Nxf8+ Ke7 13. Bxh6 Qd8 14. Bd5 Bb4+
15. c3 Bc5 16. Bxc6 Rb8 17. Bd5 Rxb5 18. Bg8 Rxb2 19. Qf7# 1-0

[Event "Tournoi Skype 016B"]
[Site "Skype"]
[Date "????.??.??"]
[Round "7.1"]
[White "De Nobrega, George"]
[Black "Raheja, Shiv"]
[Result "1-0"]
[WhiteElo "1399"]
[BlackElo "1373"]
[PlyCount "143"]

1. e4 e5 2. Nf3 Nc6 3. Bb5 Bc5 4. Bxc6 dxc6 5. h3 Nf6 6. Nc3 O-O 7. O-O Re8 8.
d3 h6 9. Qe2 Nh5 10. Be3 Bxe3 11. Qxe3 Qf6 12. d4 exd4 13. Qxd4 Qxd4 14. Nxd4
Nf6 15. Rfe1 b5 16. e5 Bb7 17. exf6 Rad8 18. Rxe8+ Rxe8 19. fxg7 Kxg7 20. Rd1
c5 21. Ndxb5 Re6 22. Nxc7 Rg6 23. g3 Bc8 24. Kg2 h5 25. h4 Rc6 26. N7d5 Bb7 27.
Ne7 Rd6+ 28. f3 Re6 29. Nf5+ Kh7 30. Kf2 Re5 31. Rd7 Bc8 32. Rxf7+ Kg6 33. Nd6
Re6 34. Rc7 Ba6 35. Nde4 Rb6 36. b3 c4 37. Rxa7 Bb7 38. Nc5 Bc8 39. Ra8 Bf5 40.
Ra6 Rf6 41. Rxf6+ Kxf6 42. bxc4 Bxc2 43. a4 Ke5 44. Nd7+ Kd4 45. Ne2+ Kxc4 46.
a5 Kb5 47. Nd4+ Kxa5 48. Nxc2 Kb5 49. Ke3 Kc6 50. Nf6 Kd6 51. Nxh5 Ke7 52. Ke4
Kf7 53. f4 Kg6 54. f5+ Kxh5 55. Ke5 Kh6 56. Ke6 Kg7 57. f6+ Kf8 58. g4 Ke8 59.
h5 Kf8 60. h6 Kg8 61. Ke7 Kh7 62. f7 Kxh6 63. f8=Q+ Kg5 64. Ke6 Kxg4 65. Qf5+
Kh4 66. Qg6 Kh3 67. Qf5+ Kh4 68. Qg6 Kh3 69. Kf5 Kh2 70. Kf4 Kh1 71. Kf3 Kh2
72. Qg2# 1-0

[Event "Tournoi Skype 016B"]
[Site "Skype"]
[Date "????.??.??"]
[Round "7.2"]
[White "Dubois, Real"]
[Black "Yildirim, Cagri"]
[Result "0-1"]
[WhiteElo "1376"]
[BlackElo "1527"]
[PlyCount "88"]

1. d4 d5 2. Nf3 Nf6 3. e3 Bf5 4. c3 e6 5. Bb5+ c6 6. Be2 Bd6 7. O-O Nbd7 8. Re1
O-O 9. Nbd2 Re8 10. a3 e5 11. dxe5 Nxe5 12. Nd4 Bg6 13. Nf1 Ne4 14. h3 Qh4 15.
Ng3 Nxg3 16. fxg3 Qxg3 17. Bf3 Nxf3+ 18. Nxf3 Be4 19. Qe2 Re6 20. Qf2 Rg6 21.
Qxg3 Rxg3 22. Kf2 Bxf3 23. gxf3 Rxh3 24. Bd2 Bg3+ 25. Kg2 Bxe1 26. Rxe1 Rh5 27.
f4 Re8 28. Kf3 Re4 29. Kg4 Rh2 30. Rd1 Re6 31. Bc1 Rg6+ 32. Kf3 Rh3+ 33. Ke2
Rg2+ 34. Kd3 Rhg3 35. Kd4 Rg1 36. Rxg1 Rxg1 37. Bd2 h5 38. e4 Rd1 39. Kd3 dxe4+
40. Ke2 Rxd2+ 41. Kxd2 h4 42. Ke2 h3 43. Kf2 h2 44. Kg2 e3 0-1

[Event "Tournoi Skype 016B"]
[Site "Skype"]
[Date "????.??.??"]
[Round "7.3"]
[White "Porcabeuf, Jean-Marc"]
[Black "Le Brun, Yves"]
[Result "0-1"]
[WhiteElo "1438"]
[BlackElo "1449"]
[PlyCount "64"]

1. d4 Nf6 2. c4 e6 3. a3 d5 4. Nc3 c6 5. Nf3 dxc4 6. e4 a6 7. Bxc4 b5 8. Bb3 h6
9. O-O Be7 10. Bc2 Nbd7 11. Re1 Nb6 12. e5 Nfd5 13. Ne4 Bb7 14. Bf4 Nxf4 15.
Qd2 Nc4 16. Qxf4 Nxb2 17. Ra2 Nc4 18. Qc1 Rc8 19. Bb3 Nb6 20. Qf4 Nd5 21. Qg4
g5 22. Qh5 Nf4 23. Qg4 c5 24. Bxe6 Nxe6 25. h4 Bxe4 26. Rxe4 h5 27. Qf5 g4 28.
Ng5 Bxg5 29. hxg5 cxd4 30. g6 Rc7 31. gxf7+ Kf8 32. Qxe6 Rc1+ 0-1

[Event "Tournoi Skype 016B"]
[Site "Skype"]
[Date "????.??.??"]
[Round "7.4"]
[White "Picard, Mario"]
[Black "Hague, Mark"]
[Result "0-1"]
[WhiteElo "1254"]
[BlackElo "1419"]
[PlyCount "104"]

1. d4 Nf6 2. c4 c5 3. e3 e6 4. Nf3 d5 5. cxd5 Nxd5 6. Nc3 Be7 7. e4 Nxc3 8.
bxc3 O-O 9. Bd3 cxd4 10. cxd4 Bb4+ 11. Bd2 Qa5 12. O-O Rd8 13. a3 Bxd2 14. Nxd2
Rxd4 15. Qe2 Ra4 16. Nb3 Qc7 17. Rfc1 Nc6 18. Nc5 Rd4 19. Nb3 Rd6 20. Rc4 Bd7
21. Qc2 e5 22. Rc1 Qd8 23. Na5 Nxa5 24. Rc7 Bc6 25. Qc5 Qxc7 26. Qxe5 Re8 27.
Qf4 Qd7 28. Rd1 Rxd3 29. Rxd3 Qxd3 30. h3 Qxe4 31. Qg3 Qe1+ 32. Kh2 Qe5 33. f4
Qe3 34. Qh4 h6 35. Qg4 Qe2 36. Qg3 Re3 37. Qg4 Qxg4 38. hxg4 Re2 39. Kh3 Rxg2
40. Kh4 f6 41. f5 Bf3 42. Kh3 Rxg4 43. Kh2 h5 44. Kh3 b5 45. Kh2 Nc4 46. Kh3
Nxa3 47. Kh2 b4 48. Kh3 b3 49. Kh2 b2 50. Kh3 b1=Q 51. Kh2 Qg1+ 52. Kh3 Qg3#
0-1

[Event "Tournoi Skype 016B"]
[Site "Skype"]
[Date "????.??.??"]
[Round "7.5"]
[White "Talbot, Jacques"]
[Black "Rivas, Jonathan"]
[Result "1-0"]
[WhiteElo "1444"]
[BlackElo "1379"]
[PlyCount "59"]

1. e4 e6 2. d4 d6 3. Nf3 Nc6 4. Nc3 Nf6 5. Bd3 e5 6. d5 Nd4 7. Nxd4 exd4 8. Ne2
g6 9. Bg5 h6 10. Bh4 g5 11. Bg3 Nh5 12. Nxd4 Nxg3 13. hxg3 Bg7 14. c3 Qe7 15.
Bb5+ Bd7 16. Nf5 Qxe4+ 17. Qe2 Qe5 18. Qxe5+ Bxe5 19. Bxd7+ Kxd7 20. O-O-O a5
21. Nxh6 Bg7 22. Nxf7 Rxh1 23. Rxh1 Rf8 24. Nxg5 Be5 25. Rh7+ Ke8 26. f4 Bf6
27. Ne6 Rh8 28. Rxh8+ Bxh8 29. Nxc7+ Kd7 30. Ne6 1-0

[Event "Tournoi Skype 016B"]
[Site "Skype"]
[Date "????.??.??"]
[Round "7.6"]
[White "Milanese, Serge"]
[Black "Sauvaget, Joel"]
[Result "0-1"]
[WhiteElo "1342"]
[BlackElo "1377"]
[PlyCount "74"]

1. e4 e5 2. Nf3 d6 3. Bc4 h6 4. Nc3 Nf6 5. h3 Nc6 6. d3 Be7 7. O-O O-O 8. Nd5
Be6 9. c3 Na5 10. Nxe7+ Qxe7 11. Qe2 Nxc4 12. dxc4 Bd7 13. Be3 Bc6 14. Nd2 Qe6
15. f3 Nh7 16. Bf2 Qg6 17. Rad1 f5 18. c5 f4 19. Nc4 Rfd8 20. Rd2 Ng5 21. Bh4
Nxh3+ 22. Kh2 Ng5 23. Nxe5 dxe5 24. Qc4+ Qf7 25. Rxd8+ Rxd8 26. Qxf7+ Kxf7 27.
b4 Rd7 28. g3 Ne6 29. Kh3 Kg6 30. g4 Rd3 31. Be1 b6 32. Kg2 bxc5 33. bxc5 Nxc5
34. Rh1 Ne6 35. Rh5 Ng5 36. c4 Nxf3 37. Bb4 Bxe4 0-1

[Event "Tournoi Skype 016B"]
[Site "Skype"]
[Date "????.??.??"]
[Round "7.7"]
[White "Gerbaux, Regis"]
[Black "Sepulveda, Lyda Marcela"]
[Result "0-1"]
[WhiteElo "1363"]
[BlackElo "1246"]
[PlyCount "22"]

1. e4 e5 2. Nf3 Nc6 3. Bb5 a6 4. Bxc6 dxc6 5. O-O Nf6 6. d3 Bd6 7. Bf4 Bg4 8.
Nbd2 O-O 9. h3 exf4 10. hxg4 Nxg4 11. Ng5 Qxg5 0-1